Регионална библиотека "Любен Каравелов" - Русе

Автоматизация на производството (Запис номер 117198)

MARC детайли
000 -Лидер
Контролно поле с фиксирана дължина nam a22 a 4500
003 - Код на организацията, давaща контролен номер
Контролно поле BLK
005 - Дата и час на последна редакция
Контролно поле 20220914172011.0
008 - Елементи от данни с фиксирана дължина
fixed length control field 180409b bul|||||r ||||||| ||bul||
040 ## - Източник на каталожния запис
Идентификатор на билиотеката - собственик на записа BLK
041 ## - Код за език
Код за езика на текст/звукозапис или на отделно заглавие Български
Код за езика КДБФ Български
080 ## - УДК
Текстов определител УДК Автоматизация
УДК код - определител по УДК 005.591.6
УДК - код + определител 005.591.6
100 1# - Редна дума - Автор
Автор Ванев, Бенислав Иванов
Авторска отговорност първи автор
R(LIN) 315090
139 ## - Редно поле
Редна дума Автоматизация на производството
245 10 - Сведения за заглавието
Заглавие Автоматизация на производството
Подзаглавни данни Изследване : Ч. 1 -
Редно поле (дума) Бенислав Иванов Ванев, Кузман Д. Йонов; под общ. ред. на Хинко Миков Хинов.
Том Ч. 1
Заглавие на том Технико-икономически и организационни проблеми на автоматизацията
257 ## - Страна на издаване
Страна на създаване/издаване България
260 ## - Област на издателските данни
Място на издаване, разпространение и проч. София
Име на издателя, разпространителя и проч. Техника
Година на издаване 1974
300 ## - Физическа характеристика
Размери/Мащаб 21 см
380 ## - Жанр
Жанр Техника
650 #4 - Допълнително описание по предмет – тема
Основно описание – тема или топоним Автоматизация на технологичните процеси
9 (RLIN) 270602
653 ## - Ключова дума – ненормативна
Ключова дума производство
653 ## - Ключова дума – ненормативна
Ключова дума автоматизация
700 1# - Други автори (авторска отговорност)
Лично име Йонов, Кузман Д.
Автороска отговорност (Описва отношението между автора и произведението) съавт.
9 (RLIN) 315091
700 1# - Други автори (авторска отговорност)
Лично име Хинов, Хинко Миков
Автороска отговорност (Описва отношението между автора и произведението) под общ. ред. на
9 (RLIN) 376494
760 1# - Описание на основната серия
Редна дума на основното описание Ванев, Бенислав Иванов
Място на издаване, издател и година София, 1974
Страници - том 172 с. с черт. и табл.
Забележка - том Библиогр. след отд. гл.
Заглавие Ч. 1 Технико-икономически и организационни проблеми на автоматизацията
852 ## - Местоположение
Форматна сигнатура Цб 74641
Фондова буква Хранилище
999 ## - СИСТЕМНИ КОНТРОЛНИ НОМЕРА
Koha biblionumber 117198
Koha biblioitemnumber 117198
942 ## - АРТИКУЛИ
Вид на библиотечния материал Книги
Скрит в OPAC Не
Периодичен библиозапис Да
944 ## - СЪЗДАВАНЕ И РЕДАКЦИЯ на ЗАПИСА
Създаване/Редакция Създаване
Дата на регистрацията/редакция 09.04.2011
Статус, дата на статуса добави в АБ / 08.04.2011
Служител, извършил регистрацията/редакцията Диана_Димитрова
944 ## - СЪЗДАВАНЕ И РЕДАКЦИЯ на ЗАПИСА
Създаване/Редакция Редакция
Дата на регистрацията/редакция 2022-09-14
Служител, извършил регистрацията/редакцията СТ
999 ## - СИСТЕМНИ КОНТРОЛНИ НОМЕРА
Koha biblioitemnumber 117198
Наличности
Код за отписване Код за изгубен артикул Източник на класификационната схема Код за повреда Коз за рестрикции Код за отдаване Артикулен № Име на библиотеката - собственик Име на библиотеката, в която се намира в момента Статус (Текущо местоположение) Дата на вписване в системата Местоположение - отдел Цена в лева Инвентарен номер Систематично азбучна сигнатура Баркод Номер на екземпляра Цена в евро Служебна бележка Служебен тип на артикула
  Не е изгубен Universal Decimal Classification Не е повреден без рестрикции ползва се в читалня 188914 Регионална библиотека "Любен Каравелов" Русе Регионална библиотека "Любен Каравелов" Русе Хранилище 1974-01-01 Хранилище 1.11 178088 Цб 74641 120000178088 1 0.57 Дост: Dp Вид: Д N: стар фонд Дата: 01.01.1974 Книги
Изтеглен Не е изгубен Universal Decimal Classification Не е повреден без рестрикции заемане за дома 188915 Регионална библиотека "Любен Каравелов" Русе Регионална библиотека "Любен Каравелов" Русе Заемна - подръчен фонд 1974-01-01 Заемна - подръчен фонд 1.11 179169 П 65.011.5/А 22 179169 2 0.57 Дост: Pk Вид: Ф N: стар фонд Дата: 01.01.1974 Дата инв: 06.02.2018 Бележки инв: П2018 Книги
Vip Innovations Ltd, Rousse, Bulgaria 2025